00806nam a22002297a 45000010005000000030006000050050017000110080041000280200018000690400029000871000027001162450049001432500034001922600032002263000050002584900039003085050008003475200152003555210029005075210020005366500020005563956FISKH20240529130456.0240528b cb ||||| |||| 00| 0 eng d a9788956354019 aFISKHbengcFISKHdFISKH aAndersen, HC eauthor  aThe flea and the professor /cby HC Andersen aFirst published by XACT, 2009 ae future : bSeoul ; c2009 a26 pages : bcolor illustrations ; c21 cm .  aMy First Classic Readers vLevel 3 aJ  aIn this exciting tale, the Professor and his performing flea gain fame and fortune. But what of his dream to build a flying balloon like his father8 a500 bLexile estimate 8 aJ bRaz-Plus  aFlea vFiction